politiciens français et leurs meilleures phrases - Statistiques

Statistiques générales
  • Ce quiz a été pris 135 fois
  • Le résultat moyen est 6 sur 14
Statistiques - réponses
Phrases Personne % Correct
Be you. Be proud of you because you can be do what we want to do Francois Hollande
90%
"Jeanne au secours!!" crié devant la statue de Jeanne d'Arc Jean-Marie Lepen
81%
Les migrants c'est comme les éoliennes. Tout le monde est d'accord pour qu'il y en ait, mais personne ne veut que ce soit à côté de chez lui. Marine Lepen
81%
Mon cochon préféré? C'est une petite cochonne [...] Ah c'est mon épouse Jean Lassalle
75%
Moi je veux une région propre, et rien de tel qu'une femme pour faire le ménage Valérie Pécresse
65%
La France n'est pas un Mcdonald's, on n'y vient pas comme on est Eric Zemmour
58%
Je remarque que 3 d'entre vous ont des baskets. Vous en avez profité un peu pour bouger dans la cour de récré? Amélie Oudéa Castera
47%
"Et voici l'équipe de France et la coupe de France.... la coupe du monde" en désignant la coupe du monde Jacques Chirac
35%
La Seine-Saint-Denis, euh elle est où la Silicon Valley en Seine-Saint-Denis? C'est plutot la Silicon voilée non? Jean Messiha
35%
Win the yes needs the no to win against the no Jean-Pierre Raffarin
21%
"Monsieur le debutant... Eh monsieur le président, monsieur le député haha" lors d'une prise de parole à l'Assemblée nationale Emmanuel Macron
16%
Parce que la France est une nation qui veut continuer à sucer de grands... parce que la France est une nation pardon, qui veut susciter de grands champions Edouard Philippe
12%
On a le droit de dire singe? Parce qu'on a plus le droit de dire les ***, on dit les 10 petits soldats maintenant? C'est ça? [...] oui le livre d'Agatha Christie, donc on a le droit de dire singe sans insulter personne?? Nicolas Sarkozy
12%
Le vrai problème de la cantine est le suivant: pendant combien de temps continuera-t-il à y avoir des frites molles? Jean-Luc Mélenchon
7%
Aucun quiz correspondant
Distribution des résultats
% des personnes avec chaque résultat
Percentile par nombre de réponses
Votre historique - résultats
Vous n’avez pas pris ce quiz